000 00722cam a22002533a 4500
001 22109
003 PGUSA
005 20140828083454.0
008 070719s2007||||xxu|||||s|||||000 1 eng d
040 _aPGUSA
_beng
042 _adc
050 4 _aPZ
100 1 _aBeard, Daniel Carter,
_d1850-1941
245 1 4 _aThe Black Wolf Pack
_h[electronic resource] /
_cDaniel Carter Beard
260 _bProject Gutenberg,
_c2007
506 _aPublic domain in the USA.
516 _aElectronic text
653 _aHunting stories
653 _aWilderness areas -- Fiction
653 _aDetective and mystery stories
830 0 _aProject Gutenberg
_v22109
856 4 0 _uhttp://www.gutenberg.org/ebooks/22109
942 _cEB
999 _c251364
_d251364